|
|
|
|
| LEADER |
00000nam0a2200000 4500 |
| 001 |
312070 |
| 005 |
20231102002441.0 |
| 020 |
|
|
|a RU
|b 82-29968
|
| 035 |
|
|
|a (RuTPU)RU\TPU\book\337437
|
| 090 |
|
|
|a 312070
|
| 100 |
|
|
|a 20151216d1982 km y0rusy5003 ca
|
| 101 |
1 |
|
|a rus
|
| 102 |
|
|
|a RU
|
| 105 |
|
|
|a a z 101zy
|
| 200 |
1 |
|
|a Воздушные линии электропередачи
|e переводы докладов Международной конференции по большим электрическим системам (СИГРЭ-80)
|f под ред. В. В. Бургсдорфа
|
| 210 |
|
|
|a Москва
|c Энергоиздат
|d 1982
|
| 215 |
|
|
|a 134 с.
|c ил.
|
| 225 |
1 |
|
|a Энергетика за рубежом
|
| 320 |
|
|
|a Библиография в конце статей
|
| 606 |
1 |
|
|a Электрические линии передачи, воздушные
|2 stltpush
|3 (RuTPU)RU\TPU\subj\27009
|9 50822
|
| 610 |
1 |
|
|a конференции
|
| 610 |
1 |
|
|a СИГРЭ-80
|
| 610 |
1 |
|
|a параметры
|
| 610 |
1 |
|
|a синтетические изоляторы
|
| 610 |
1 |
|
|a стойкость
|
| 610 |
1 |
|
|a эксплуатация
|
| 610 |
1 |
|
|a допустимые токовые нагрузки
|
| 610 |
1 |
|
|a термическая стойкость
|
| 610 |
1 |
|
|a колебания
|
| 675 |
|
|
|a 621.315.1(063)
|z rus
|v 3
|
| 702 |
|
1 |
|a Бургсдорф
|b В. В.
|g Владимир Владимирович
|4 340
|
| 712 |
0 |
2 |
|a Воздушные линии электропередачи
|c международная конференция (СИГРЭ-80)
|c переводы докладов
|f 1980
|4 570
|
| 801 |
|
0 |
|a RU
|b RuMRKP
|c 19950704
|g psbo
|
| 801 |
|
1 |
|a RU
|b 63413507
|c 20151216
|
| 801 |
|
2 |
|a RU
|b 63413507
|c 20181001
|g RCR
|
| 942 |
|
|
|c BK
|